• 首页
  • 本馆介绍
  • 公告通知
  • 最新文献
  • 馆藏检索
  • 电子资源
  • 读者导购
  • 参考咨询
  • 我的图书馆
  • 登录
  • 详细信息显示
  • 放入我的书架
  • 预约/预借图书
  • 作者相关作品
  • 分类相关作品
  • 丛书相关作品
  • 出版社相关作品

书目信息

  • 表格格式
  • 工作单格式
  • 卡片格式
题名:
鸽病防治诀窍
    
 
作者: 张曹民 , 张曹民 主编
分册:  
出版信息: 上海   上海科学技术文献出版社  2002
页数: 152页
开本: 19cm
丛书名: 畜禽疾病防治丛书
单 册:
中图分类: S858.39
科图分类:
主题词: 禽病 , 鸽 , 鸽--禽病--防治
电子资源:
ISBN: 7-5439-1744-0
000 01200nam0 2200361 450
000 01165nam0 2200349 450
000 01128nam0 2200337 450
000 01028nam0 2200325 450
000 00991nam0 2200313 450
000 00925oam2 2200289 450
001 0104000022
005 20061025102332.17
010    @a7-5439-1744-0@dCNY7.80
100    @a20050927d2002 em y0chiy0110 ea
101 0  @achi
102    @aCN@b310000
105    @ay z 000yy
200 1  @a鸽病防治诀窍@Age bing fang zhi jue qiao@f张曹民等主编@Fzhang cao min deng zhu bian
210    @a上海@c上海科学技术文献出版社@d2002
215    @a152页@d19cm
225 2  @a畜禽疾病防治丛书
330    @a本书简明扼要地阐述了鸽的常见传染病、寄生虫病、内科病、营养代谢病、中毒性疾病鸽病的病原、病因、流行特点、症状、诊断及防病的基本知识和诀窍。
461  0 @12001 @a畜禽疾病防治丛书
606 0  @a禽病
606 0  @a鸽
606 0  @a鸽@x禽病@x防治
690    @aS858.39@v4
701  0 @a张曹民@9zhang cao min@4主编
701  0 @a张曹民@Azhang cao min@4主编
801  0 @aCN@b北京荣雅伟业图书经销中心@c20061025
905    @aBZT@dS858.39@e74
906    @dCNY7.80@n0@r1
    
    鸽病防治诀窍/张曹民等主编.-上海:上海科学技术文献出版社,2002
    152页;19cm.-(畜禽疾病防治丛书)
    
    
    ISBN 7-5439-1744-0:CNY7.80
    本书简明扼要地阐述了鸽的常见传染病、寄生虫病、内科病、营养代谢病、中毒性疾病鸽病的病原、病因、流行特点、症状、诊断及防病的基本知识和诀窍。
●
相关链接 在五车中查询图书 在当当中查询图书 在豆瓣中查询图书


正题名:鸽病防治诀窍     索取号:S858.39/74         预约/预借

序号 登录号 条形码 馆藏地/架位号 状态 备注
1 509966   230093303   中心书库中库/ 中库031架A面3列3层41/ [索取号:S858.39/74] 在馆    
2 509967   230093306   中心书库中库/ 中库031架A面5列2层98/ [索取号:S858.39/74] 在馆    
3 509968   230093305   中心书库中库/ 中库031架A面5列2层100/ [索取号:S858.39/74] 在馆    
4 509969   230093308   中心书库中库/ 中库031架A面5列2层99/ [索取号:S858.39/74] 在馆    
5 509970   230093307   中心书库中库/ 中库031架A面5列2层101/ [索取号:S858.39/74] 在馆    
山东省滨州职业学院图书馆 欢迎您!
大连网信软件有限公司© 版权所有